Counter-terrorist /

Bibliographic Details
Main Author: Hall, Sam, 1937-
Other Authors: Hussman, Larry, Lewis, Felicia
Format: Book
Language:English
Published: New York : D.I. Fine, [1987]
Subjects:

MARC

Tag First Indicator Second Indicator Subfields
LEADER 00000cam a2200000 a 4500
001 in00000016088
005 20151007052700.0
008 870928s1987 nyua 00110aeng
010 |a  87081425  
020 |a 1556110499 (alk. paper) :  |c $18.95 
035 |a (OCoLC)16873424 
035 |9 AAA8773AM 
040 |a DLC  |c DLC  |d TXA  |d UtOrBLW 
049 |a TXAM  |c [A12608277] 
050 0 0 |a U53.H27  |b A3 1987 
082 0 |a 355.3/5  |a B  |2 19 
100 1 |a Hall, Sam,  |d 1937- 
245 1 0 |a Counter-terrorist /  |c by Sam Hall, with Larry Hussman and Felicia Lewis. 
264 1 |a New York :  |b D.I. Fine,  |c [1987] 
264 4 |c ©1987 
300 |a 336 pages :  |b illustrations ;  |c 24 cm. 
336 |a text  |b txt  |2 rdacontent 
337 |a unmediated  |b n  |2 rdamedia 
338 |a volume  |b nc  |2 rdacarrier 
500 |a Includes index. 
600 1 0 |a Hall, Sam,  |d 1937- 
650 0 |a Soldiers of fortune  |z United States  |x Biography. 
700 1 |a Hussman, Larry. 
700 1 |a Lewis, Felicia. 
999 |a MARS 
999 f f |s 5b796f13-457c-3ccb-9732-2b913c6e1d68  |i 9721d4b5-bb68-3490-ae47-5505fae1e2ce  |t 0 
952 f f |p normal  |a Texas A&M University  |b College Station  |c Sterling C. Evans Library  |d Evans: Library Stacks  |t 0  |e U53.H27 A3 1987  |h Library of Congress classification  |i unmediated -- volume  |m A14812608277 
998 f f |a U53.H27 A3 1987  |t 0  |l Evans: Library Stacks